Constitución Política de la República de Chile: edición oficial aprobada por Decreto 1.225, de 27 de Octubre de 1989, del Ministerio de Justicia

Gardado en:
Detalles Bibliográficos
Formato: Libro
Idioma:Lingua castelá
Publicado: Santiago Jurídica de Chile 1990
Edición:2a. ed
Subjects:
Tags: Engadir etiqueta
Sen Etiquetas, Sexa o primeiro en etiquetar este rexistro!

MARC

LEADER 00000nam a2200000 a 4500
001 UCV1573
003 CL-VaPUC
008 900824e19900000CL |||||||||||||||||spa|d
082 0 4 |a 342.83  |b CON  |2 21 
245 1 0 |a Constitución Política de la República de Chile: edición oficial aprobada por Decreto 1.225, de 27 de Octubre de 1989, del Ministerio de Justicia 
250 |a 2a. ed 
300 |a 852 p 
942 |c BK 
945 |d 19900824 00:00:00 
260 |a Santiago  |b Jurídica de Chile  |c 1990 
500 |a Apéndice actualizado al 9 de febrero de 1990 
650 7 |a CONSTITUCION POLITICA DE 1980  |2 CL-VaPUC  |9 256495 
651 7 |a CHILE  |2 CL-VaPUC  |9 295846 
583 |a last modification  |c 20131001 03:30:59  |k Rodrigo Vera 
999 |c 209496  |d 209494 
952 |0 0  |1 0  |2 ddc  |4 0  |6 342_830000000000000_CON_1990  |7 0  |8 FOND_LRYV  |9 184927  |a BIBDER  |b BIBDER  |d 2019-11-14  |i 2522527  |l 1  |o 342.83 CON 1990  |p 2522527  |r 2023-01-25  |s 2021-11-18  |w 2019-11-14  |y BK_X  |k DER